Countries On The Pacific Rim - Statistics

General Stats
  • This quiz has been taken 154 times
    152 since last reset
  • The average score is 23 of 30
Answer Stats
Country % Correct
United States
95%
Australia
94%
Japan
94%
China
91%
Russia
87%
Canada
86%
New Zealand
86%
Mexico
84%
Indonesia
83%
Chile
81%
South Korea
81%
Panama
80%
Philippines
80%
North Korea
79%
Vietnam
79%
Peru
76%
Papua New Guinea
75%
Costa Rica
72%
Ecuador
72%
El Salvador
72%
Malaysia
72%
Taiwan
72%
Honduras
71%
Thailand
71%
Colombia
70%
Guatemala
69%
Nicaragua
68%
Cambodia
67%
Singapore
67%
Brunei
65%
No matching quizzes found
Score Distribution
Percent of People with Each Score
Percentile by Number Answered
Your Score History
You have not taken this quiz since the last reset